[Event "FRA-chT4 0102"]
[Site "Champagne Ardenne"]
[Date "2002.01.20"]
[Round "4"]
[White "Prioux, Pascal"]
[Black "Crepaux, Jean Marie"]
[Result "1-0"]
[WhiteElo "1940"]
[BlackElo "1820"]
[PlyCount "99"]
[EventDate "2002.10.??"]
[EventType "team-tourn"]
[EventRounds "7"]
[EventCountry "FRA"]
[SourceTitle "EXT 2005"]
[Source "ChessBase"]
[SourceDate "2004.11.15"]
[SourceVersion "1"]
[SourceVersionDate "2004.11.15"]
[SourceQuality "1"]

1. d4 d5 2. c3 Nf6 3. Bg5 c6 4. Bxf6 exf6 5. Nd2 Bd6 6. Ngf3 0-0 7. e3 Nd7 8. Bd3 Nb6 9. Qc2 g6 10. h4 Bg4 11. 0-0-0 a5 12. Rdg1 Qd7 13. h5 a4 14. hxg6 fxg6 15. Nh4 Rf7 16. f3 Be6 17. g4 Rg7 18. f4 Bf7 19. Rh3 c5 20. Rgh1 cxd4 21. exd4 Bxf4 22. Nxg6 Bxg6 23. Bxg6 Rxg6 24. Rxh7 Qxh7 25. Rxh7 Kxh7 26. Qf5 Bg5 27. Kc2 Bxd2 28. Kxd2 Nc4+ 29. Kc1 Rd8 30. Qe6 Kh6 31. b3 axb3 32. axb3 Na5 33. Qb6 Ra8 34. Kd2 Ra6 35. Qb5 Rxg4 36. Qxd5 Nc6 37. b4 Ra2+ 38. Ke3 Ra3 39. Kf3 Rg5 40. Qf7 Rxc3+ 41. Kf4 Rg6 42. Qf8+ Kh7 43. Qf7+ Kh6 44. Qf8+ Kh5 45. Qh8+ Rh6 46. Qg7 Ne5 47. dxe5 Rc4+ 48. Kf5 Rxb4 49. Qg3 b6 50. Qh3+ 1-0

[Event "FRA-chT4 0102"]
[Site "Champagne Ardenne"]
[Date "2001.11.18"]
[Round "2"]
[White "Prioux, Pascal"]
[Black "Lassalle, Arnaud"]
[Result "0-1"]
[WhiteElo "2030"]
[BlackElo "2000"]
[PlyCount "42"]
[EventDate "2002.10.??"]
[EventType "team-tourn"]
[EventRounds "7"]
[EventCountry "FRA"]
[SourceTitle "EXT 2005"]
[Source "ChessBase"]
[SourceDate "2004.11.15"]
[SourceVersion "1"]
[SourceVersionDate "2004.11.15"]
[SourceQuality "1"]

1. d4 Nf6 2. Nf3 g6 3. g3 Bg7 4. Bg2 d5 5. 0-0 0-0 6. c3 c5 7. dxc5 a5 8. Bf4 Nbd7 9. Nbd2 Nxc5 10. c4 Bf5 11. Be5 Nce4 12. cxd5 Qxd5 13. Nb3 Rfd8 14. h3 g5 15. Bc7 Rd7 16. Qxd5 Nxd5 17. Be5 a4 18. Bxg7 axb3 19. axb3 Rxa1 20. Rxa1 Kxg7 21. Nd4 Bg6 0-1

[Event "Ardennes-ch 0102"]
[Site "Ardennes"]
[Date "2001.??.??"]
[Round "?"]
[White "Prioux, Pascal"]
[Black "Hacene, Ahmed"]
[Result "0-1"]
[WhiteElo "2030"]
[BlackElo "1920"]
[PlyCount "91"]
[EventDate "2001.??.??"]
[EventType "swiss"]
[EventRounds "9"]
[EventCountry "FRA"]
[SourceTitle "EXT 2008"]
[Source "ChessBase"]
[SourceDate "2007.11.25"]
[SourceVersion "1"]
[SourceVersionDate "2007.11.25"]
[SourceQuality "1"]

1. Nf3 d5 2. g3 Bg4 3. Bg2 Bxf3 4. Bxf3 e5 5. d3 c6 6. 0-0 Nf6 7. b3 Be7 8. Bb2 Nbd7 9. Nd2 Qc7 10. c4 d4 11. e3 dxe3 12. fxe3 0-0-0 13. d4 h5 14. Ne4 Nxe4 15. Bxe4 f6 16. Qf3 g5 17. d5 g4 18. Qf2 Nc5 19. Bf5+ Kb8 20. b4 Na4 21. dxc6 Qxc6 22. c5 h4 23. Rab1 hxg3 24. Qxg3 Rd2 25. Rf2 Rhd8 26. Ba1 Rd1+ 27. Rf1 Rxb1 28. Bxb1 Nxc5 29. bxc5 Bxc5 30. Bd4 Rxd4 31. exd4 Bxd4+ 32. Rf2 Qc1+ 33. Kg2 Bxf2 34. Qxf2 Qxb1 35. Kg3 f5 36. Kh4 Qe4 37. Kg5 f4 38. Kxg4 f3+ 39. Kg3 Qf4+ 40. Kh3 Qf5+ 41. Kg3 Qf4+ 42. Kh3 e4 43. Qd4 Qf5+ 44. Kg3 Qg5+ 45. Kf2 Qg2+ 46. Ke1 0-1